00550nam a2200169Ia 4500003000400000008004100004040001600045082001700061100001700078245009900095260005100194300001000245650002900255650003700284650002100321650003800342GCL140319s9999 xx 000 0 eng d aGCL / cGCL04a338.064bR P1 aRUPERT, MARK10aPRODUCING HEGEMONY: THE POLITICS OF MASS PRODUCTION AND AMERICAN GLOBAL POWER / cRUPERT, MARK a[S.N] : bCAMBRIDGE UNIVERSITY PRESS ، c1995 a261 P04aMASS PRODUCING - HISTORY04aINTERNATIONAL ECONOMIC RELATIONS04aECONOMIC SCIENCE04aUNITED STATES - FOREIGN RELATIONS